banner-ar

نصوص و وثائق تاريخية من العصر الاسلامى الوسيط : (Record no. 61080)

MARC details
000 -الفاتح
حقل البيانات ثابتة الطول 01258nam a22002777a 4500
005 - وقت وتاريخ اخر تعامل مع التسجيلة
رقم الضبط 20240530110443.0
008 - عناصر البيانات ثابتة الطول - معلومات عامة
حقل البيانات ثابتة الطول 150422s2010 su ab g b 000 0 ara d
017 ## - رقم الايداع القانونى
رقم الايداع القانونى 1428/7443
المصدر ( الهيئة المختصة) السعودية . مكتبة الملك فهد الوطنية
020 ## - الرقم الدولى المعيارى للكتب
الرقم الدولى المعيارى للكتاب 9789960587745
040 ## - مصدر الفهرسة
وكالة الفهرسة الأصلية EG-CaGPL
041 1# - رمز اللغة
رمز لغة النص/ المسارات الصوتية أو العنوان الانفرادي ara
رمز لغة الترجمات و/او الاصلية المتوسطة للنص eng
082 04 - رقم تصنيف ديوى العشرى
رقم الطبعة 21
رقم التصنيف 953.073\
رقم المادة ط ن
100 0# - المدخل الرئيسى - إسم شخصى
الإسم الشخصى طائف كمال الازهرى
245 10 - بيان العنوان
العنوان نصوص و وثائق تاريخية من العصر الاسلامى الوسيط :
بقية العنوان مع تعليق و ترجمة الى الانجليزية /
بيان المسئوليه,etc طائف كمال الازهرى
246 ## - العنوان الموازى
عنوان صحيح/عنوان مختصر Medieval Muslim Chronicles Sources And Documents With Annotation
250 ## - بيان الطبعة
بيان الطبعة ط1
260 ## - PUBLICATION, DISTRIBUTION, ETC. (IMPRINT)
تاريخ النشر أو التوزيع 2010 .
300 ## - الوصف المادى
التعداد 223 + 157 ص :
تفاصيل ماديه اخرى للوعاء خرائط ؛
أبعاد الوعاء 24 سم .
500 ## - تبصرة عامة
تبصرة عامة يحتوى على نص باللغة الانجليزية
504 ## - تبصرة ببليوجرافية
تبصرة ببليوجرافية,الخ يشتمل على ارجاعات ببليوجرافية
650 04 - المدخل الاضافى بالموضوع-مصطلح موضوعى
مصطلح موضوعي العالم الاسلامى
التقسيم الفرعي العام تاريخ
650 04 - المدخل الاضافى بالموضوع-مصطلح موضوعى
مصطلح موضوعي الحضارة العربية
650 04 - المدخل الاضافى بالموضوع-مصطلح موضوعى
مصطلح موضوعي العالم الاسلامى
التقسيم الفرعي العام تاريخ
-- الحروب الصليبية
942 ## - عناصر المدخل الإضافي( كوها)
مصدر التصنيف او مخطط الترفيف Dewey Decimal Classification
Koha [default] item type كتاب
260 ## - PUBLICATION, DISTRIBUTION, ETC. (IMPRINT)
-- الرياض :
-- دار الزهراء للنشر و التوزيع ،
Holdings
حالة التراجع حالة الفقد حالة تلف ليس للاعارة المكان المؤقت الموقع الحالى تاريخ الاكتساب اجمالي اﻻعارات رقم الطلب الباركود تاريخ اخر مشاهدة تاريخ تفعيل السعر نوع وعاء كوها
        مكتبة القاهرة الكبرى مكتبة القاهرة الكبرى 04/22/2015   953.073\ ط ن 160300 04/22/2015 04/22/2015 كتاب

Powered By

EGPV